000 00687nam a2200241 a 4500
008
020 _a0521498457 (pbk.)
049 _aMAIN
090 _aQH323.5
_bBAI
100 1 _aBailey, Norman T.J.
245 1 0 _aStatistical methods in biology /
_cNorman T.J. Bailey.
250 _a3rd ed.
260 _aCambridge :
_bCambridge University Press,
_c1994.
300 _axiii, 255 p. ;
_c22 cm.
504 _aIncludes bibliographical references.
500 _aIncludes index.
650 0 _aBiometry.
907 _a.b10049897
_b10-06-13
_c17-04-03
003
005 20230123133748.0
040 _cNUST
942 _cBOOKS
_kQH323.5
_mBAI
999 _c154187
_d154187